[Event "Hong Kong op"]
[Site "Hong Kong"]
[Date "2023.12.29"]
[Round "9"]
[White "Shao, Xiayang"]
[Black "Ng, Jing Xuan Alyssa"]
[Result "1-0"]
[WhiteElo "1563"]
[BlackElo "1338"]
[PlyCount "103"]
[EventDate "2023.12.24"]
[EventType "swiss"]
[EventRounds "9"]
[EventCountry "HKG"]
[SourceTitle "CB01_2024"]
[SourceDate "2024.01.03"]
[SourceVersion "1"]
[SourceVersionDate "2024.01.03"]
[SourceQuality "1"]

1. e4 e6 2. d4 d5 3. Nd2 c5 4. exd5 Qxd5 5. Ngf3 Nc6 6. Bc4 Qd8 7. 0-0 Nxd4 8. Nxd4 Qxd4 9. Qf3 a6 10. Bb3 Nf6 11. Rd1 Qg4 12. Qxg4 Nxg4 13. Ne4 Ne5 14. Bf4 Nc6 15. c3 e5 16. Be3 b6 17. Nd6+ Bxd6 18. Rxd6 Bb7 19. Bxf7+ Kxf7 20. Rd7+ Kf6 21. Rxb7 Rab8 22. Rd7 Rhd8 23. Rad1 Rxd7 24. Rxd7 Rd8 25. Rxd8 Nxd8 26. Kf1 Ne6 27. g3 b5 28. Ke2 e4 29. b3 Ke5 30. Bc1 c4 31. h4 h5 32. f3 exf3+ 33. Kxf3 Nc5 34. Be3 Ne6 35. Bb6 Kf5 36. Ba7 g6 37. bxc4 bxc4 38. Bb8 Nc5 39. Ke3 Ne6 40. Bd6 g5 41. hxg5 Nxg5 42. Kd4 h4 43. gxh4 Nf3+ 44. Kxc4 Nxh4 45. Kd5 Ng2 46. Kc6 Ne3 47. Bb4 Ke4 48. a4 Nd5 49. Kb7 Kd3 50. Kxa6 Kc4 51. a5 Nc7+ 52. Kb7 1-0

[Event "Hong Kong op"]
[Site "Hong Kong"]
[Date "2023.12.28"]
[Round "8"]
[White "Sim, Yan Xiang Ethan"]
[Black "Shao, Xiayang"]
[Result "0-1"]
[WhiteElo "1197"]
[BlackElo "1563"]
[PlyCount "116"]
[EventDate "2023.12.24"]
[EventType "swiss"]
[EventRounds "9"]
[EventCountry "HKG"]
[SourceTitle "CB01_2024"]
[SourceDate "2024.01.03"]
[SourceVersion "1"]
[SourceVersionDate "2024.01.03"]
[SourceQuality "1"]

1. e4 c5 2. c3 d5 3. exd5 Qxd5 4. d4 Nf6 5. Nf3 Nc6 6. Be2 Bg4 7. h3 Bh5 8. 0-0 e6 9. Na3 a6 10. Nc2 Be7 11. Be3 cxd4 12. Nfxd4 Bxe2 13. Qxe2 0-0 14. Rfd1 Rfd8 15. Nb3 Qf5 16. Ncd4 Nxd4 17. Nxd4 Qg6 18. Nf3 Nd5 19. Ne5 Qe4 20. Nd3 f5 21. Kf1 e5 22. Bc5 Qxe2+ 23. Kxe2 Bf6 24. g3 Kf7 25. c4 Ne7 26. Rab1 Nc6 27. Nb4 Nxb4 28. Bxb4 Ke6 29. Bc3 g5 30. g4 Rxd1 31. Rxd1 Rd8 32. Rxd8 Bxd8 33. a4 e4 34. f3 exf3+ 35. Kxf3 Bf6 36. Bxf6 Kxf6 37. b4 f4 38. c5 Ke5 39. b5 axb5 40. axb5 Kd5 41. c6 bxc6 42. bxc6 Kxc6 43. h4 h6 44. Ke4 Kd6 45. hxg5 hxg5 46. Kf5 f3 47. Kxg5 f2 48. Kh6 f1Q 49. g5 Qf7 50. g6 Qg8 51. g7 Ke6 52. Kg6 Ke7 53. Kh6 Kf6 54. Kh5 Qxg7 55. Kh4 Kf5 56. Kh3 Kf4 57. Kh2 Kf3 58. Kh1 Qg2# 0-1

[Event "Hong Kong op"]
[Site "Hong Kong"]
[Date "2023.12.25"]
[Round "2"]
[White "Halomoan, Marco Matheus"]
[Black "Shao, Xiayang"]
[Result "0-1"]
[WhiteElo "1192"]
[BlackElo "1563"]
[PlyCount "84"]
[EventDate "2023.12.24"]
[EventType "swiss"]
[EventRounds "9"]
[EventCountry "HKG"]
[SourceTitle "CB01_2024"]
[SourceDate "2024.01.03"]
[SourceVersion "1"]
[SourceVersionDate "2024.01.03"]
[SourceQuality "1"]

1. c4 Nf6 2. g3 g6 3. Bg2 Bg7 4. e3 d6 5. Ne2 0-0 6. 0-0 c5 7. d4 Qc7 8. Qb3 Nc6 9. Bd2 cxd4 10. Nxd4 a6 11. Bc3 Rb8 12. Nd2 Nd7 13. Rac1 Nc5 14. Qc2 Ne5 15. b4 Ne6 16. N4f3 Nxf3+ 17. Bxf3 Bxc3 18. Qxc3 Bd7 19. Nb3 Rfc8 20. h4 h5 21. Nd4 b5 22. c5 dxc5 23. Nxe6 Bxe6 24. bxc5 Bc4 25. Rfd1 Qxc5 26. Qa5 Qb6 27. Qb4 Rc7 28. Rxc4 Rxc4 29. Qxe7 Rc7 30. Qg5 Kh7 31. Be4 Kg8 32. Qf4 Rbc8 33. Rd6 Rc6 34. Bxc6 Rxc6 35. Rd7 Rf6 36. Qe4 Kg7 37. Qb4 a5 38. Qc3 b4 39. Qc8 Rc6 40. Qe8 Rc1+ 41. Kh2 Qf6 42. Rd2 Qf3 0-1